000 00541nam a2200157Ia 4500
003 GCL
005 20240530104200.0
008 140319s9999 xx 000 0 ara d
040 _aGCL /
_cGCL
082 0 4 _a920.71
_bا ا
100 1 _aاتحاد الكتاب اللبنانين
245 1 0 _aامين الريحانى : رائد نهضوى من لبنان ذكرى ميلادة العاشرة بعد المئة /
_cاتحاد الكتاب اللبنانين
300 _a285 ص
650 0 4 _aامين الريحانى
942 _2ddc
_cBK
999 _c45287
_d45287